[Event "East Lansing (MOR/4)"]
[Site "?"]
[Date "1991.??.??"]
[Round "?"]
[White "Labiner, Jordan"]
[Black "Vandenburg, V.E."]
[Result "1-0"]
[WhiteElo "1605"]
[BlackElo "1605"]
[PlyCount "95"]
[EventDate "1991.??.??"]

1. d4 e6 2. e4 a6 3. Nc3 b5 4. a3 Bb7 5. Bd3 Nf6 6. Nf3 c5 7. dxc5 Bxc5 8. b4
Bb6 9. Bg5 h6 10. Bxf6 Qxf6 11. Ne2 d6 12. O-O Nd7 13. c4 bxc4 14. Bxc4 Bc7 15.
Ng3 g6 16. Rc1 Rc8 17. Qd4 e5 18. Qa7 Rb8 19. Bxa6 Bb6 20. Qxb8+ Nxb8 21. Bxb7
Kd7 22. a4 Qe6 23. a5 Ba7 24. Bd5 Qf6 25. b5 Bd4 26. b6 Nc6 27. Ra1 Rb8 28.
Rfb1 Qe7 29. b7 f6 30. Bxc6+ Kxc6 31. a6 Ba7 32. Rc1+ Kd7 33. Nd2 Qd8 34. Nc4
Ke6 35. Ne2 f5 36. Nc3 Qh4 37. g3 Qg5 38. Nb5 Bc5 39. a7 Bxa7 40. exf5+ gxf5
41. Nc7+ Kd7 42. Nb5 Bxf2+ 43. Kxf2 Rxb7 44. Nbxd6 Rb3 45. Nf7 Qh5 46. Ncxe5+
Ke6 47. Ra6+ Kd5 48. Rd6+ 1-0

[Event "East Lansing (MOR/6)"]
[Site "?"]
[Date "1991.??.??"]
[Round "?"]
[White "Labiner, Jordan"]
[Black "Rodriguez, Juan"]
[Result "1-0"]
[WhiteElo "1605"]
[BlackElo "1605"]
[PlyCount "79"]
[EventDate "1991.??.??"]

1. e4 c5 2. Nf3 Nc6 3. d4 cxd4 4. Nxd4 e5 5. Nxc6 bxc6 6. Bc4 Nf6 7. Nc3 Bb4 8.
O-O O-O 9. Bd2 Re8 10. Qf3 Rb8 11. a3 Bf8 12. b4 d5 13. exd5 cxd5 14. Nxd5 Bb7
15. Nxf6+ Qxf6 16. Qxf6 gxf6 17. Be3 a6 18. Be2 Rbc8 19. c4 f5 20. g3 f4 21.
Bd2 f3 22. Bd1 Rxc4 23. Bb3 Rcc8 24. Rac1 Bg7 25. Rxc8 Rxc8 26. Rc1 Rd8 27. Be3
Rd3 28. Rb1 Be4 29. Bc2 Rxe3 30. fxe3 Bxc2 31. Rc1 Bd3 32. Kf2 e4 33. a4 Bb2
34. Rc8+ Kg7 35. b5 axb5 36. axb5 Be5 37. b6 Ba6 38. Re8 Kf6 39. h4 Bb5 40.
Rxe5 1-0

[Event "East Lansing (MOR/1)"]
[Site "?"]
[Date "1991.??.??"]
[Round "?"]
[White "Labiner, Jordan"]
[Black "Randall, Paul"]
[Result "1-0"]
[WhiteElo "1605"]
[BlackElo "1605"]
[PlyCount "37"]
[EventDate "1991.??.??"]

1. d4 Nf6 2. c4 g6 3. Nf3 Bg7 4. Nc3 d6 5. Bf4 O-O 6. e4 Re8 7. Bd3 e5 8. dxe5
dxe5 9. Bxe5 Nxe4 10. Bxe4 Qxd1+ 11. Rxd1 Bxe5 12. Nxe5 f6 13. O-O fxe5 14. Nd5
Na6 15. Nf6+ Kf7 16. Nxe8 Kxe8 17. Rd5 Be6 18. Rxe5 Kf7 19. Bxb7 1-0

[Event "Detroit (HPO/2/33)"]
[Site "?"]
[Date "1991.??.??"]
[Round "?"]
[White "Labiner, Jordan"]
[Black "Malone, Jamal"]
[Result "1-0"]
[WhiteElo "1605"]
[BlackElo "1605"]
[PlyCount "93"]
[EventDate "1991.??.??"]

{2/(33)} 1. e4 d6 2. d4 Nf6 3. Nc3 Bg4 4. Qd3 h6 5. f4 e6 6. h3 Bh5 7. Qb5+
Nbd7 8. Qxb7 d5 9. e5 Ne4 10. Nxe4 dxe4 11. Qxe4 Qh4+ 12. Kd2 Qf2+ 13. Be2 Rc8
14. g3 f5 15. Qe3 Qxe3+ 16. Kxe3 Bxe2 17. Nxe2 c5 18. c3 cxd4+ 19. Nxd4 Bc5 20.
Rd1 Nb6 21. Ke2 Bxd4 22. Rxd4 Ke7 23. Kd3 Rhd8 24. Rxd8 Rxd8+ 25. Kc2 Nd5 26.
b3 Rc8 27. c4 Nb4+ 28. Kc3 Nd5+ 29. Kb2 Nb6 30. Be3 Nxc4+ 31. bxc4 Rxc4 32.
Bxa7 Re4 33. Rc1 Re2+ 34. Rc2 Rxc2+ 35. Kxc2 Kd7 36. a4 Kc7 37. Kc3 Kb7 38. Bc5
h5 39. Kb4 Ka6 40. a5 g6 41. Bb6 h4 42. gxh4 Kb7 43. Kb5 Ka8 44. Be3 Kb7 45.
Bd2 Kc7 46. Ka6 Kb8 47. Kb6 1-0

[Event "Detroit (HPO/5/17)"]
[Site "?"]
[Date "1991.??.??"]
[Round "?"]
[White "Labiner, Jordan"]
[Black "Jirjis, Faris"]
[Result "0-1"]
[WhiteElo "1605"]
[BlackElo "2095"]
[PlyCount "52"]
[EventDate "1991.??.??"]

{5/(17)} 1. e4 e5 2. Nf3 Nf6 3. Nxe5 d6 4. Nf3 Nxe4 5. d4 d5 6. Bd3 Bd6 7. O-O
O-O 8. Nbd2 Bf5 9. c4 c6 10. c5 Bc7 11. Re1 Re8 12. Nf1 Qd7 13. Nh4 Bg6 14.
Nxg6 hxg6 15. f3 Nf6 16. Bg5 Na6 17. Bxf6 gxf6 18. Rxe8+ Rxe8 19. Qb3 Kg7 20.
Kf2 Qe7 21. a3 Nxc5 22. Qd1 Bxh2 23. g3 Qe1+ 24. Qxe1 Nxd3+ 25. Kg2 Nxe1+ 26.
Kxh2 Nxf3+ 0-1

[Event "Detroit (HPO/4/32)"]
[Site "?"]
[Date "1991.??.??"]
[Round "?"]
[White "Labiner, Jordan"]
[Black "Davis, Ralph"]
[Result "1-0"]
[WhiteElo "1605"]
[BlackElo "1605"]
[PlyCount "118"]
[EventDate "1991.??.??"]

{4/(32)} 1. e4 c5 2. Nf3 d6 3. d4 cxd4 4. Nxd4 Nf6 5. Nc3 a6 6. Be2 e6 7. O-O
Be7 8. f4 b5 9. a3 Qb6 10. Kh1 Bb7 11. Bf3 Nc6 12. Nxc6 Bxc6 13. e5 dxe5 14.
fxe5 Nd7 15. Bxc6 Qxc6 16. Bf4 O-O 17. Qf3 Rac8 18. Qxc6 Rxc6 19. Rf2 Rfc8 20.
Rd2 Rd8 21. Rad1 Rc7 22. Ne4 Kf8 23. Bg5 Bxg5 24. Nxg5 h6 25. Nf3 Ke7 26. c3
Rdc8 27. Rd4 Rg8 28. a4 bxa4 29. Rxa4 Ra8 30. Rdd4 Rb8 31. Rd2 Rc6 32. Ra1 Rb5
33. Rdd1 Nxe5 34. Nd4 Rbb6 35. Nxc6+ Rxc6 36. Rdc1 Nc4 37. Rc2 Rb6 38. b4 e5
39. Kg1 e4 40. h3 f5 41. Kf2 Ke6 42. Rd1 Ne5 43. Ke3 g5 44. g3 Nc4+ 45. Ke2 f4
46. gxf4 gxf4 47. Rg1 f3+ 48. Ke1 Kf5 49. Kf2 h5 50. Rg8 Rf6 51. Rc8 Ne5 52.
Ke3 Rd6 53. Rd2 Rxd2 54. Kxd2 Kf4 55. Rf8+ Kg3 56. Ke3 Nc4+ 57. Kxe4 f2 58.
Rf3+ Kg2 59. Rxf2+ Kxf2 1-0

[Event "East Lansing (MOR/3)"]
[Site "?"]
[Date "1991.??.??"]
[Round "?"]
[White "Labiner, Jordan"]
[Black "Anderson, D."]
[Result "1/2-1/2"]
[WhiteElo "1605"]
[BlackElo "1605"]
[PlyCount "97"]
[EventDate "1991.??.??"]

1. d4 Nf6 2. c4 g6 3. Nf3 Bg7 4. Nc3 O-O 5. e4 d6 6. Be2 e5 7. Be3 Nc6 8. O-O
Ng4 9. Bg5 f6 10. Bh4 Nh6 11. dxe5 dxe5 12. Qxd8 Rxd8 13. Nd5 g5 14. Nxc7 Rb8
15. Bg3 Bg4 16. h3 Bxf3 17. Bxf3 Nd4 18. Bd1 Rbc8 19. Nb5 a6 20. Na3 Bf8 21.
Bb3 Kg7 22. Rad1 Bc5 23. Nc2 Nf7 24. Nxd4 Bxd4 25. Rd2 Nd6 26. Re1 Nxc4 27.
Bxc4 Rxc4 28. b3 Rc7 29. Kf1 Rcd7 30. Ke2 h6 31. Red1 Rc8 32. f3 Rcd8 33. Be1
Rc8 34. g4 Kf7 35. Bf2 Rcd8 36. Bxd4 exd4 37. Kd3 Rc8 38. Rc2 Rxc2 39. Kxc2 Ke6
40. Kd3 b5 41. b4 Ke5 42. Rh1 Kf4 43. h4 Rd6 44. hxg5 hxg5 45. Rh6 Ke5 46. Rh8
Kf4 47. Rh6 Ke5 48. Rh8 Kf4 49. Rh6 1/2-1/2

[Event "East Lansing (MOR/3)"]
[Site "?"]
[Date "1991.??.??"]
[Round "?"]
[White "LaGuire, D."]
[Black "Vorhauer, Sam"]
[Result "1/2-1/2"]
[WhiteElo "1605"]
[BlackElo "1605"]
[PlyCount "105"]
[EventDate "1991.??.??"]

1. e4 e5 2. Nf3 Nc6 3. d4 exd4 4. Nxd4 Nxd4 5. Qxd4 b6 6. Nc3 Bc5 7. Qxg7 Qf6
8. Qxf6 Nxf6 9. Bf4 Bb7 10. f3 Bb4 11. Be5 Bxc3+ 12. Bxc3 Ke7 13. O-O-O Rhd8
14. Bxf6+ Kxf6 15. Bd3 Kg7 16. h4 d6 17. g4 Re8 18. Rhe1 a6 19. Rd2 b5 20. Rde2
c5 21. c4 b4 22. b3 a5 23. Re3 a4 24. Bc2 axb3 25. Bxb3 f6 26. Kd2 Bc6 27. Ke2
Ba4 28. Rb1 Bxb3 29. axb3 Ra2+ 30. Kd3 Rh2 31. h5 Ra8 32. Re2 Rh3 33. Ke3 f5
34. gxf5 Kf6 35. Rg2 Rxh5 36. Rd1 Ra6 37. Rdd2 Rg5 38. Rh2 Kg7 39. Rh3 h5 40.
f4 Rg1 41. Rxh5 Ra3 42. Rb2 Rxb3+ 43. Rxb3 Rg3+ 44. Kd2 Rxb3 45. Rg5+ Kf6 46.
Rg6+ Ke7 47. e5 dxe5 48. Re6+ Kf7 49. fxe5 Rc3 50. Rf6+ Ke7 51. Re6+ Kf7 52.
Rf6+ Ke7 53. Re6+ 1/2-1/2

[Event "East Lansing (MOR/7)"]
[Site "?"]
[Date "1991.??.??"]
[Round "?"]
[White "LaGuire, D."]
[Black "Nicolli, Randy"]
[Result "0-1"]
[WhiteElo "1605"]
[BlackElo "1605"]
[PlyCount "54"]
[EventDate "1991.??.??"]

1. Nf3 d5 2. g3 Bf5 3. Bg2 Nc6 4. O-O e5 5. d3 Bd6 6. Nh4 Be6 7. e4 d4 8. f4
exf4 9. Bxf4 Bxf4 10. Nf5 Bxf5 11. exf5 Be5 12. Nd2 Nf6 13. Nc4 Nd5 14. Nxe5
Nxe5 15. Re1 Qd6 16. c3 O-O-O 17. Qb3 c6 18. Re4 Nxd3 19. Rxd4 Nc5 20. Qc2 Qe5
21. Qd2 Qxf5 22. Rd1 Ne6 23. Qe2 Nxd4 24. Rxd4 Nf6 25. Be4 Nxe4 26. Rxe4 Rd1+
27. Kg2 Rd2 0-1

[Event "East Lansing (MOR/5)"]
[Site "?"]
[Date "1991.??.??"]
[Round "?"]
[White "LaGuire, D."]
[Black "Mech, R."]
[Result "1-0"]
[WhiteElo "1605"]
[BlackElo "1605"]
[PlyCount "97"]
[EventDate "1991.??.??"]

1. Nf3 d5 2. g3 c5 3. Bg2 Nc6 4. O-O Nf6 5. c3 e5 6. d3 Be7 7. h3 O-O 8. Re1
Be6 9. Ng5 Qd7 10. Nxe6 Qxe6 11. e4 d4 12. f4 Rfe8 13. f5 Qd7 14. c4 Na5 15.
Nd2 b5 16. b3 bxc4 17. bxc4 Rab8 18. Nb3 Nc6 19. g4 Qb7 20. Re2 a5 21. Bg5 a4
22. Bxf6 gxf6 23. Nd2 Nb4 24. Nf3 Qa6 25. h4 Rb6 26. g5 fxg5 27. hxg5 Kh8 28.
Bf1 Rg8 29. Rg2 Qc8 30. Nxe5 Qe8 31. Qh5 Nc2 32. Nxf7+ Kg7 33. g6 hxg6 34. fxg6
Kf8 35. Qh6+ Rg7 36. Qh8+ Rg8 37. g7+ Kxf7 38. Rf2+ Bf6 39. Qh5+ Ke7 40. Qxc5+
Rd6 41. Rxc2 Rxg7+ 42. Rg2 Rxg2+ 43. Bxg2 Qg6 44. Rb1 Bg5 45. Rb7+ Ke6 46. Qc8+
Ke5 47. Rb5+ Kf4 48. Qh3 Bh6 49. Qf3# 1-0

[Event "East Lansing (MOR/1)"]
[Site "?"]
[Date "1991.??.??"]
[Round "?"]
[White "LaGuire, D."]
[Black "Caron, L."]
[Result "1-0"]
[WhiteElo "1605"]
[BlackElo "1605"]
[PlyCount "53"]
[EventDate "1991.??.??"]

1. e4 Nc6 2. d4 d6 3. c3 Nf6 4. Nd2 g6 5. g3 Bg7 6. Bg2 O-O 7. Ne2 Bd7 8. O-O
e5 9. h3 a5 10. f4 b6 11. f5 exd4 12. cxd4 Rb8 13. g4 Nb4 14. a3 Na6 15. Rf2 c5
16. Nf1 Re8 17. Nfg3 c4 18. Bg5 Qc7 19. Nc3 h6 20. Bxf6 Bxf6 21. fxg6 Kg7 22.
Nh5+ Kxg6 23. Rxf6+ Kg5 24. Qd2+ Kh4 25. Qf2+ Kg5 26. Qf4+ Kh4 27. g5+ 1-0

[Event "Flint (MI Senior/1)"]
[Site "?"]
[Date "1991.??.??"]
[Round "?"]
[White "LaForge, Tom"]
[Black "Repas, B."]
[Result "1-0"]
[WhiteElo "1960"]
[BlackElo "1605"]
[PlyCount "75"]
[EventDate "1991.??.??"]

1. e4 c5 2. Nf3 Nc6 3. d4 cxd4 4. Nxd4 d6 5. Nc3 Nf6 6. Be2 g6 7. Be3 Bg7 8.
Qd2 O-O 9. Nxc6 bxc6 10. Bh6 Ng4 11. Bxg7 Kxg7 12. O-O Qb6 13. Na4 Qc7 14. h3
Ne5 15. f4 Nd7 16. Rad1 Nb6 17. Nc3 f5 18. Qd4+ Kg8 19. e5 d5 20. Qc5 e6 21.
Nb5 Qd7 22. Nd6 Bb7 23. Rd4 Nc8 24. Nxc8 Qxc8 25. Ra4 a6 26. Rf3 Rf7 27. Rfa3
Rd7 28. Qb6 Rc7 29. Bxa6 Bxa6 30. Rxa6 Rb8 31. Qxb8 Qxb8 32. Ra8 Qxa8 33. Rxa8+
Kf7 34. a4 c5 35. a5 h5 36. a6 d4 37. a7 c4 38. Rh8 1-0

[Event "Flint (MI Senior/3)"]
[Site "?"]
[Date "1991.??.??"]
[Round "?"]
[White "LaForge, Tom"]
[Black "Finegold, Ron"]
[Result "1-0"]
[WhiteElo "1960"]
[BlackElo "2165"]
[PlyCount "75"]
[EventDate "1991.??.??"]

1. e4 e6 2. d4 c5 3. Nf3 a6 4. c3 b5 5. Bd3 cxd4 6. cxd4 Bb4+ 7. Nbd2 Ne7 8.
O-O Ng6 9. Nb3 Be7 10. Bd2 b4 11. Rc1 O-O 12. Rc2 a5 13. Be3 a4 14. Nbd2 Nc6
15. e5 Bb7 16. Ne4 b3 17. Rxc6 Bxc6 18. axb3 axb3 19. Nd6 Bd5 20. Bc4 Bxd6 21.
Bxd5 exd5 22. exd6 Qb6 23. Nd2 Rab8 24. g3 f5 25. f4 Rfe8 26. Bf2 Qb5 27. Qb1
Re2 28. Nf3 Rf8 29. Rc1 Re6 30. Rc3 Rxd6 31. Qd1 Rb8 32. Nd2 Rdb6 33. Qf3 Rc6
34. Rxb3 Qa5 35. Rxb8+ Kf7 36. Nb3 Qa7 37. Qxd5+ Re6 38. Qxf5+ 1-0

[Event "Ann Arbor (HVA/4/3)"]
[Site "?"]
[Date "1991.??.??"]
[Round "?"]
[White "Kung, Fred"]
[Black "Skidmore, Mike"]
[Result "0-1"]
[WhiteElo "1840"]
[BlackElo "1900"]
[PlyCount "60"]
[EventDate "1991.??.??"]

{4/(3)} 1. e4 c6 2. d4 d5 3. Nc3 dxe4 4. Nxe4 Nd7 5. Bc4 Ndf6 6. Ng5 Nd5 7.
N1f3 Nh6 8. O-O g6 9. Re1 Bg7 10. Qe2 O-O 11. Bb3 Re8 12. c4 Nb6 13. Be3 Bg4
14. h3 Bc8 15. Rad1 Qc7 16. d5 cxd5 17. cxd5 Bd7 18. Rc1 Qd8 19. Bd4 Bxd4 20.
Nxd4 e5 21. dxe6 Qxg5 22. exf7+ Nxf7 23. Qf3 Rxe1+ 24. Rxe1 Rf8 25. Ne6 Bxe6
26. Bxe6 Kg7 27. Qxb7 Qd2 28. Re3 Qc1+ 29. Kh2 Qxb2 30. Rf3 Qe5+ 0-1

[Event "Ann Arbor (HVA/1/5)"]
[Site "?"]
[Date "1991.??.??"]
[Round "?"]
[White "Kung, Fred"]
[Black "Anderson, D."]
[Result "1-0"]
[WhiteElo "1840"]
[BlackElo "1605"]
[PlyCount "55"]
[EventDate "1991.??.??"]

{1/(5)} 1. e4 c5 2. Nf3 d6 3. d4 cxd4 4. Nxd4 Nf6 5. Nc3 Nc6 6. Bc4 e6 7. Bb3
Be7 8. O-O O-O 9. Be3 a6 10. f4 Qc7 11. Qf3 Bd7 12. f5 Nxd4 13. Bxd4 e5 14. Bf2
Bc6 15. Rad1 Rad8 16. g4 h6 17. Be3 Nh7 18. Bd5 Bf6 19. Qg3 Qe7 20. a4 Bg5 21.
b4 Bxe3+ 22. Qxe3 Nf6 23. h3 Qd7 24. g5 Nxd5 25. Nxd5 Bxd5 26. Rxd5 hxg5 27.
Qxg5 Qxa4 28. f6 1-0

[Event "East Lansing (MOR/1)"]
[Site "?"]
[Date "1991.??.??"]
[Round "?"]
[White "Krzyston, Joe"]
[Black "Williams, BM."]
[Result "0-1"]
[WhiteElo "1605"]
[BlackElo "1680"]
[PlyCount "68"]
[EventDate "1991.??.??"]

1. e4 e6 2. d4 d5 3. e5 c5 4. Nf3 Nc6 5. Be2 Qb6 6. O-O cxd4 7. c3 dxc3 8. Nxc3
Nge7 9. b3 Ng6 10. Na4 Qc7 11. Bb2 Ncxe5 12. Rc1 Nxf3+ 13. Bxf3 Qd8 14. g3 Bd7
15. Re1 Bc6 16. Nc3 Bb4 17. a3 Bxc3 18. Bxc3 O-O 19. Bh5 Qg5 20. h4 Qd8 21. Qd4
e5 22. Rxe5 Nxe5 23. Qxe5 Qf6 24. Qc7 d4 25. Bd2 Qe6 26. Kh2 Qd5 27. Rg1 Qxh5
28. Bg5 Qe2 29. Qf4 f6 30. Qxd4 fxg5 31. Kh3 Rxf2 32. Rh1 Bg2+ 33. Kh2 Bf1+ 34.
Kg1 Rg2# 0-1

[Event "East Lansing (MOR/3)"]
[Site "?"]
[Date "1991.??.??"]
[Round "?"]
[White "Krzyston, Joe"]
[Black "Clark, M."]
[Result "0-1"]
[WhiteElo "1605"]
[BlackElo "1605"]
[PlyCount "72"]
[EventDate "1991.??.??"]

1. e4 c5 2. Nf3 d6 3. d4 cxd4 4. Nxd4 Nf6 5. Nc3 a6 6. Bd3 e5 7. Nf3 Be7 8. O-O
Nc6 9. Bg5 Bg4 10. h3 Bh5 11. g4 Bg6 12. Nh4 O-O 13. Nxg6 fxg6 14. f4 Qb6+ 15.
Rf2 exf4 16. Bxf4 Rad8 17. Na4 Qa7 18. Qd2 Qd4 19. Be3 Qxa4 20. b3 Qa5 21. c3
Qc7 22. b4 d5 23. Bf4 Bd6 24. e5 Nxe5 25. Re1 Nxd3 26. Qxd3 Bxf4 27. Ree2 Bg5
28. Qd4 Qg3+ 29. Rg2 Qxh3 30. Qb6 Qxc3 31. Qxb7 Qc1+ 32. Kh2 Qf4+ 33. Kg1 Nxg4
34. Rc2 Qe3+ 35. Kh1 Rf1+ 36. Rg1 Qxg1# 0-1

[Event "Detroit (HPO/1/34)"]
[Site "?"]
[Date "1991.??.??"]
[Round "?"]
[White "Koger, Melvin"]
[Black "Schafer, Jurgen"]
[Result "0-1"]
[WhiteElo "1755"]
[BlackElo "1605"]
[PlyCount "70"]
[EventDate "1991.??.??"]

{1/(34)} 1. c4 Nf6 2. Nc3 e6 3. e4 e5 4. Nf3 Nc6 5. d4 Bb4 6. Bg5 exd4 7. Nxd4
d6 8. Be2 h6 9. Nxc6 bxc6 10. Bxf6 Qxf6 11. Rc1 O-O 12. O-O Bc5 13. a3 a5 14.
Na4 Bd4 15. b4 axb4 16. axb4 c5 17. b5 Bb7 18. Bd3 Rfe8 19. Qc2 Ra5 20. Nc3
Rea8 21. Nd1 Ra2 22. Qb1 Ra1 23. Qc2 R8a2 24. Qb3 Rxc1 25. Qxa2 Ra1 26. Qe2 Bc8
27. Ne3 Rxf1+ 28. Kxf1 Qf4 29. Nd5 Qxh2 30. Qf3 Qh4 31. Nxc7 Bg4 32. g3 Qh2 33.
Qg2 Bh3 34. Ke2 Qxg2 35. b6 Qxf2+ 0-1

[Event "Detroit (HPO/3/26)"]
[Site "?"]
[Date "1991.??.??"]
[Round "?"]
[White "Koger, Melvin"]
[Black "Bood, L."]
[Result "1/2-1/2"]
[WhiteElo "1755"]
[BlackElo "1605"]
[PlyCount "120"]
[EventDate "1991.??.??"]

{3/(26)} 1. d4 d5 2. c4 e6 3. Nc3 Nf6 4. Bg5 Be7 5. e3 h6 6. Bh4 O-O 7. Nf3 b6
8. Bd3 dxc4 9. Bxc4 Ba6 10. Qe2 Bxc4 11. Qxc4 Nbd7 12. O-O c5 13. Rfd1 Qc8 14.
Rac1 cxd4 15. Qxd4 Bc5 16. Qa4 Qb7 17. Bg3 a6 18. b4 b5 19. Qb3 Be7 20. Ne2
Rfc8 21. Ned4 Bf8 22. Ne5 Nxe5 23. Bxe5 Nd7 24. Bg3 Nb6 25. Nf3 Rxc1 26. Rxc1
Nc4 27. Rd1 Qe7 28. a3 Rd8 29. Rxd8 Qxd8 30. h3 f6 31. Nd4 e5 32. Ne6 Qd7 33.
Nxf8 Kxf8 34. a4 h5 35. axb5 axb5 36. f3 g6 37. e4 Kg7 38. Bf2 Qd2 39. g3 Qc1+
40. Kg2 Nd2 41. Qe3 Qf1+ 42. Kh2 Qd1 43. Kg2 g5 44. Be1 Nxf3 45. Qxf3 Qxe1 46.
Qd3 Qxb4 47. Qd7+ Kh6 48. Qf5 Qe7 49. Qc8 Kg7 50. Qc3 b4 51. Qb3 Qc5 52. Kf3
Qc3+ 53. Qxc3 bxc3 54. Ke3 Kg6 55. g4 hxg4 56. hxg4 Kf7 57. Kd3 c2 58. Kxc2 Ke6
59. Kd3 Kd6 60. Kc4 Kc6 1/2-1/2

[Event "Flint (MEX/4)"]
[Site "?"]
[Date "1991.??.??"]
[Round "?"]
[White "Karklins, A."]
[Black "Tsemekhman, Vadim"]
[Result "1/2-1/2"]
[WhiteElo "2380"]
[BlackElo "2435"]
[PlyCount "205"]
[EventDate "1991.??.??"]

1. e4 e6 2. d4 d5 3. Nc3 Bb4 4. Nge2 dxe4 5. a3 Bxc3+ 6. Nxc3 Nc6 7. Bf4 Nge7
8. Qd2 O-O 9. O-O-O b6 10. Bc4 Na5 11. Ba2 Nd5 12. Bg5 e3 13. Bxe3 Ba6 14. h4
Bc4 15. Bxc4 Nxc4 16. Qd3 Ncxe3 17. fxe3 Nxc3 18. Qxc3 Qd5 19. Kb1 Rac8 20. Qd3
c5 21. c4 Qd6 22. d5 exd5 23. cxd5 c4 24. Qc3 Rfe8 25. Rd4 b5 26. Rhd1 a5 27.
Rg4 f6 28. Rf1 Re5 29. e4 b4 30. Qg3 Rc7 31. Qf3 h5 32. Rg3 Kh7 33. Rc1 c3 34.
Qd1 bxa3 35. Rgxc3 Qb4 36. Rxa3 Rb7 37. Ra2 Qxe4+ 38. Qc2 Qxc2+ 39. Rxc2 Rxd5
40. Ra4 Kg6 41. Ka2 Rdb5 42. g3 Re7 43. Rg2 Kh6 44. Kb1 Ree5 45. Kc2 Rec5+ 46.
Kb1 Re5 47. Kc2 Re3 48. Kb1 Rf3 49. Kc2 Rfb3 50. Kb1 R3b4 51. Ra3 Rg4 52. Ka2
a4 53. Rc3 Rbb4 54. Ka3 Rbd4 55. Rf2 Rd1 56. Ka2 Rg1 57. Rff3 Re1 58. b3 Re2+
59. Ka3 axb3 60. Kxb3 Rd4 61. Rf1 Kg6 62. Rff3 Ree4 63. Kc2 Rc4 64. Rxc4 Rxc4+
65. Kd2 Re4 66. Kd3 Re6 67. Kd2 Kh6 68. Ra3 g5 69. hxg5+ Kxg5 70. Ra4 f5 71.
Ra8 Kg4 72. Rg8+ Kh3 73. Rg5 h4 74. gxh4 f4 75. h5 f3 76. h6 Re2+ 77. Kd1 Re8
78. h7 f2 79. Rf5 Kg2 80. Rg5+ Kf3 81. Rf5+ Ke3 82. Rf7 Rd8+ 83. Kc1 Ra8 84.
Re7+ Kf3 85. Rf7+ Ke2 86. Re7+ Kf1 87. Rg7 Rd8 88. Kc2 Ke2 89. Re7+ Kf1 90. Rg7
Rc8+ 91. Kd2 Rh8 92. Kc2 Ke2 93. Re7+ Kf3 94. Rf7+ Ke3 95. Re7+ Kf4 96. Rf7+
Kg3 97. Rg7+ Kh2 98. Rf7 Kg1 99. Rg7+ Kf1 100. Kd2 Rd8+ 101. Kc2 Ke1 102. Re7+
Kf1 103. Rg7 1/2-1/2

[Event "Flint (MEX/2)"]
[Site "?"]
[Date "1991.??.??"]
[Round "?"]
[White "Karklins, A."]
[Black "Pence, Mark"]
[Result "1-0"]
[WhiteElo "2380"]
[BlackElo "2060"]
[PlyCount "105"]
[EventDate "1991.??.??"]

1. e4 e5 2. Nf3 Nc6 3. Bb5 a6 4. Ba4 Nf6 5. O-O Be7 6. Bxc6 dxc6 7. Qe2 Bg4 8.
h3 Bxf3 9. Qxf3 c5 10. d3 O-O 11. Nd2 Bd6 12. Nc4 Qd7 13. Bg5 Ne8 14. Qf5 Qxf5
15. exf5 f6 16. Be3 b6 17. a4 Be7 18. f4 Nd6 19. fxe5 Nxc4 20. dxc4 fxe5 21. g4
h6 22. Kg2 a5 23. Kf3 Rad8 24. Rad1 Kf7 25. Ke4 Rxd1 26. Rxd1 Bd6 27. b3 Rh8
28. Rf1 Ke7 29. Bf2 Kf6 30. Bh4+ Kf7 31. Bg3 Kf6 32. h4 Re8 33. Rd1 Re7 34. Rh1
Re8 35. Rh2 Rh8 36. Re2 Re8 37. Rg2 Kf7 38. Be1 Rh8 39. Bc3 Re8 40. Re2 Kf6 41.
Rh2 Rg8 42. Bd2 Kf7 43. g5 hxg5 44. hxg5 Re8 45. g6+ Kg8 46. Bg5 Be7 47. Bxe7
Rxe7 48. Rd2 Kf8 49. Rd8+ Re8 50. Rxe8+ Kxe8 51. Kxe5 Ke7 52. f6+ gxf6+ 53. Kf5
1-0

[Event "Ann Arbor (HVA/2/7)"]
[Site "?"]
[Date "1991.??.??"]
[Round "?"]
[White "Kane, Paul"]
[Black "Smith, Ed"]
[Result "0-1"]
[WhiteElo "1605"]
[BlackElo "1810"]
[PlyCount "120"]
[EventDate "1991.??.??"]

{2/(7)} 1. e4 e5 2. Nf3 Nf6 3. Nc3 Bb4 4. d3 d6 5. Bd2 O-O 6. Be2 h6 7. O-O Be6
8. a3 Ba5 9. b4 Bb6 10. Na4 c6 11. Nxb6 Qxb6 12. c4 Nbd7 13. Qc1 Rfc8 14. Nh4
Qd8 15. f4 Ng4 16. f5 Qxh4 17. Bxg4 Qxg4 18. fxe6 Qxe6 19. Qe1 Rf8 20. Rf3 f5
21. Qe2 f4 22. Raf1 g5 23. h3 Rf7 24. Kf2 b6 25. Ke1 c5 26. g3 Qxh3 27. gxf4
Qh4+ 28. Kd1 gxf4 29. Rg1+ Rg7 30. Rxg7+ Kxg7 31. Qf2 Qg5 32. Qh2 Kh7 33. Rf1
Rg8 34. Be1 Qg2 35. Qxg2 Rxg2 36. Bh4 Ra2 37. Be7 Rxa3 38. Kd2 cxb4 39. Bxd6
Ra2+ 40. Kc1 Ra1+ 41. Kc2 Rxf1 42. Bxb4 h5 43. Bc3 h4 44. d4 h3 45. dxe5 h2 46.
e6 h1=Q 47. exd7 Qxe4+ 48. Kb3 Qb1+ 49. Ka4 Qd3 50. Kb5 Qxd7+ 51. Ka6 Qa4+ 52.
Kb7 Rd1 53. Be5 Rd7+ 54. Bc7 Rxc7+ 55. Kxc7 f3 56. c5 f2 57. c6 f1=Q 58. Kb7
Qaa6+ 59. Kb8 Qf8+ 60. Kc7 Qac8# 0-1

[Event "Ann Arbor (HVA/4/12)"]
[Site "?"]
[Date "1991.??.??"]
[Round "?"]
[White "Kane, Paul"]
[Black "Carpenter, George"]
[Result "0-1"]
[WhiteElo "1605"]
[BlackElo "1605"]
[PlyCount "48"]
[EventDate "1991.??.??"]

{4/(12)} 1. e4 d6 2. d4 Nf6 3. Nc3 g6 4. Bg5 Bg7 5. f3 O-O 6. Qd2 Nbd7 7. O-O-O
c6 8. g4 b5 9. h4 a5 10. a3 Nb6 11. Bxf6 Bxf6 12. g5 Bh8 13. Qg2 b4 14. axb4
axb4 15. Nb1 Ba6 16. b3 Bxf1 17. Rxf1 Bxd4 18. Ne2 Be3+ 19. Kb2 Na4+ 20. bxa4
Rxa4 21. Qh3 Qa5 22. Nbc3 bxc3+ 23. Nxc3 Rb8+ 24. Nb5 Rxb5# 0-1

[Event "Detroit (HPO/1/24)"]
[Site "?"]
[Date "1991.??.??"]
[Round "?"]
[White "June, Brian"]
[Black "Pettiford, Darnell"]
[Result "1-0"]
[WhiteElo "1870"]
[BlackElo "1605"]
[PlyCount "45"]
[EventDate "1991.??.??"]

{1/(24)} 1. d4 Nf6 2. Nf3 g6 3. c4 Bg7 4. Nc3 d6 5. e4 O-O 6. Be2 Nbd7 7. O-O
e5 8. Bg5 h6 9. dxe5 Nxe5 10. Bh4 Qd7 11. Qc2 Nh5 12. Nxe5 Bxe5 13. Bxh5 gxh5
14. Rad1 Kh8 15. f4 Bg7 16. Nd5 c6 17. Nf6 Qe7 18. e5 Bxf6 19. Bxf6+ Qxf6 20.
exf6 Rg8 21. f5 b5 22. Qe2 Rg5 23. Qe7 1-0

[Event "Detroit (HPO/3/16)"]
[Site "?"]
[Date "1991.??.??"]
[Round "?"]
[White "June, Brian"]
[Black "Labiner, Jordan"]
[Result "1-0"]
[WhiteElo "1870"]
[BlackElo "1605"]
[PlyCount "33"]
[EventDate "1991.??.??"]

{3/(16)} 1. d4 d5 2. Nf3 Nf6 3. e3 e6 4. Bd3 c5 5. b3 cxd4 6. exd4 Be7 7. O-O
O-O 8. c4 Nc6 9. Nc3 dxc4 10. bxc4 b6 11. Bb2 Kh8 12. d5 exd5 13. cxd5 Nxd5 14.
Qc2 Nxc3 15. Bxc3 Bf6 16. Rad1 h6 17. Bb5 1-0

[Event "Detroit (HPO/5/15)"]
[Site "?"]
[Date "1991.??.??"]
[Round "?"]
[White "June, Brian"]
[Black "Koger, Melvin"]
[Result "1/2-1/2"]
[WhiteElo "1870"]
[BlackElo "1755"]
[PlyCount "83"]
[EventDate "1991.??.??"]

{5/(15)} 1. d4 Nf6 2. Nf3 e6 3. e3 c5 4. Bd3 cxd4 5. exd4 b6 6. O-O Bb7 7. Re1
Be7 8. c4 O-O 9. Nc3 d5 10. cxd5 exd5 11. Bg5 Nbd7 12. Rc1 h6 13. Bh4 Re8 14.
Nb5 Ne4 15. Bg3 Nxg3 16. hxg3 Rc8 17. Nxa7 Ra8 18. Nc6 Bxc6 19. Rxc6 Rxa2 20.
Qb3 Ra5 21. Rec1 Bf6 22. Qc2 Nf8 23. Rc8 Qd7 24. Bf5 Rxc8 25. Qxc8 Qxc8 26.
Rxc8 Rb5 27. Rc2 Rb4 28. Rd2 g6 29. Bc8 Ne6 30. Bb7 Nxd4 31. Nxd4 Rxd4 32. Rxd4
Bxd4 33. b3 Kg7 34. Bxd5 f5 35. Kf1 Kf6 36. Ke2 g5 37. Bc4 Ke5 38. f3 h5 39.
Bf7 h4 40. gxh4 gxh4 41. Kd3 Bc5 42. Be8 1/2-1/2

[Event "Ann Arbor (HVA/2/4)"]
[Site "?"]
[Date "1991.??.??"]
[Round "?"]
[White "June, Brian"]
[Black "Jointer, William"]
[Result "1-0"]
[WhiteElo "1870"]
[BlackElo "1740"]
[PlyCount "117"]
[EventDate "1991.??.??"]

{2/(4)} 1. d4 Nf6 2. Nf3 e6 3. e3 b6 4. Bd3 Bb7 5. Nbd2 d5 6. O-O c5 7. c4 Be7
8. b3 O-O 9. Bb2 Nbd7 10. Qe2 Qc7 11. Rac1 Rac8 12. cxd5 exd5 13. dxc5 bxc5 14.
Nd4 Qe5 15. N2f3 Qh5 16. Nf5 Rfe8 17. h3 Bf8 18. Ng3 Qh6 19. Qd1 Nh5 20. Nf5
Qb6 21. Bb1 g6 22. N3h4 Nhf6 23. Ng3 Bh6 24. Rc2 d4 25. exd4 Rcd8 26. Re2 Rxe2
27. Nxe2 Nf8 28. dxc5 Qc7 29. Bd4 Ne6 30. Qd3 Nxd4 31. Nxd4 Qf4 32. Ne6 Rxd3
33. Nxf4 Rd4 34. g3 g5 35. Nf5 Rd2 36. Nxh6+ Kf8 37. Ng2 Nh5 38. Ne3 f6 39.
Nhf5 Bc6 40. Rd1 Rb2 41. Nd4 Bd7 42. Nc4 Rxb1 43. Rxb1 Bxh3 44. Re1 Ng7 45. c6
Ne8 46. Nb5 a6 47. Nbd6 Nc7 48. Nb6 Bg4 49. Nd7+ Kg7 50. Ne8+ Nxe8 51. Rxe8 Kf7
52. Re3 h5 53. a4 a5 54. Nb6 Bf5 55. c7 h4 56. c8=Q Bxc8 57. Nxc8 hxg3 58. fxg3
g4 59. Kf2 1-0